Internet roadside attractions : sites sounds and scenes along the information superhighway (Record no. 6926)
[ view plain ]
| 000 -LEADER | |
|---|---|
| fixed length control field | 02144 a2200217 4500 |
| 020 ## - INTERNATIONAL STANDARD BOOK NUMBER | |
| International Standard Book Number | 1566041937 |
| 040 ## - CATALOGING SOURCE | |
| Original cataloging agency | DLC |
| Language of cataloging | DLC |
| 082 00 - DEWEY DECIMAL CLASSIFICATION NUMBER | |
| Classification number | 025.04 |
| 245 00 - TITLE STATEMENT | |
| Title | Internet roadside attractions : sites sounds and scenes along the information superhighway |
| Remainder of title | sites, sounds & scenes along the information superhighway |
| Statement of responsibility, etc. | Gareth Branwyn |
| 250 ## - EDITION STATEMENT | |
| Edition statement | 1st ed. |
| 260 ## - PUBLICATION, DISTRIBUTION, ETC. | |
| Place of publication, distribution, etc. | Chapel Hill, NC : |
| Name of publisher, distributor, etc. | Ventana Press, |
| Date of publication, distribution, etc. | c1995. |
| 300 ## - PHYSICAL DESCRIPTION | |
| Extent | xxxiv, 341 p. : |
| Other physical details | ill. ; |
| Dimensions | 26 cm. + |
| Accompanying material | 1 computer laser optical disc (4 3/4 in.) |
| 500 ## - GENERAL NOTE | |
| General note | Includes index. |
| 505 1# - FORMATTED CONTENTS NOTE | |
| Formatted contents note | African-Americans -- Aliens -- Angst -- Animation -- Anthropology -- Archaeology -- Architecture -- Art -- Astronomy -- BBSes -- Biology -- Bizarre -- Boating -- Books -- Botany -- Business & finance -- Canada -- Career -- Cartoons -- Chat -- Children -- Classics -- Comics -- Computers -- Consumer services -- Cryptography -- Cyberculture -- Cycling -- Dictionaries -- Drama -- Drugs -- Education -- Emergencies -- Encyclopedias -- England -- Environment -- Erotica -- Food & drink -- Frequently asked questions lists -- Fun -- Games -- Geography -- Geology -- Government -- History -- |
| 505 1# - FORMATTED CONTENTS NOTE | |
| Formatted contents note | Humor -- Internet -- Internet giants -- Intrigue -- Jobs -- Journalism & media -- Kids -- Language -- Law -- Libraries -- Literature -- Macintosh -- Magazines & publications -- Mathematics -- Medicine -- Medieval studies -- Microsoft Windows -- Movies -- MUDs, MOOs & MUSHes -- Multimedia -- Music -- Mythology -- Natural history -- News -- Oceanography -- Paleontology -- Personals -- Philosophy -- Photography -- Poetry -- Politics -- Programming -- Psychology -- Publishing -- Quotations -- Radio -- Real estate -- Reference -- Religion -- Russia -- Science -- Science fiction -- |
| 505 1# - FORMATTED CONTENTS NOTE | |
| Formatted contents note | Sex -- Shopping -- Social issues -- Software -- Space -- Sports -- Star Trek -- Statistics -- Technology -- Telephony -- Television -- Travel -- United States -- Video -- Virtual reality -- Weather -- Women -- World cultures -- Zines -- Zoology. |
| 650 #0 - SUBJECT ADDED ENTRY--TOPICAL TERM | |
| Topical term or geographic name entry element | Internet addresses |
| General subdivision | Directories. |
| 650 #0 - SUBJECT ADDED ENTRY--TOPICAL TERM | |
| Topical term or geographic name entry element | Information superhighway. |
| 700 1# - ADDED ENTRY--PERSONAL NAME | |
| Personal name | Branwyn, Gareth. |
| 942 ## - ADDED ENTRY ELEMENTS (KOHA) | |
| Koha item type | Book |
| Call number prefix | 025.04 BRA |
| Source of classification or shelving scheme | |
| Withdrawn status | Lost status | Damaged status | Not for loan | Collection code | Permanent Location | Current Location | Shelving location | Date acquired | Total Checkouts | Full call number | Barcode | Date last seen | Price effective from | Koha item type |
|---|---|---|---|---|---|---|---|---|---|---|---|---|---|---|
| Central Library (CL) | Central Library (CL) | First Floor - Journalism | 12/08/2000 | 025.04 BRA | SEECS000626 | 11/14/2012 | 01/05/2017 | Book |
